Personnages célèbres - Série 46 - Statistiques

Statistiques générales
  • Ce quiz a été pris 163 fois
  • Le résultat moyen est 9 sur 15
Statistiques - réponses
Par images Réponse % Correct
Nicolas Sarkozy
100%
Yannick Noah
97%
François Fillon
85%
Christian Karembeu
76%
Philippe Etchebest
76%
Lino Ventura
67%
Harry Roselmack
64%
Anne-Sophie Lapix
63%
Julie Depardieu
56%
Marie Drucker
51%
Ayrton Senna
49%
Olivier de Kersauson
44%
Michel Sapin
29%
Maurice Ronet
14%
Isabelle Autissier
11%
Aucun quiz correspondant
Distribution des résultats
% des personnes avec chaque résultat
Percentile par nombre de réponses
Votre historique - résultats
Vous n’avez pas pris ce quiz